03002njm a2200397Ia 450000100060000000300090000600500170001500800410003204000130007304000130008610000220009910000180012110000380013924500220017725000110019926000110021026000280022130000100024930000290025950000440028850507270033251101200105951102050117951101840138451101790156851100520174751102100179951100910200965000460210070000470214670000660219370000840225970000940234370000850243770000820252240747IT-RoPAU20220918181110.0131025s9999 xx 000 0 und d aIT-RoPAU cIT-RoPAU aMorton Jelly Roll eAutore musica gCodice autore musica SPICS: 10672 aJelly Roll Morton a2a ed. aMILANO bRUSCONIc1987 [1a Ed.:] aDISCO c43 minuti (Testo: pag.) aMusica jazz. Ragtime. Blues. Pianoforte aStratford Hunch (Cincinnati, 9 giugno 1924) - Freakish (New Jersey, 8 luglio 1929) - Sporting House Rag [(Perfect Rag) (New York, 14 dicembre 1939)] - The Pearls (Chicago, 20 aprile 1926) - The Crave (New York, 14 dicembre 1939) - The Naked Dance [(New York, 16 dicembre 1939) (3:00)] - Michigan Water Blues [(New York, 28 dicembre 1939) (3:00)] - Dead Man Blues [(Chicago, 21 luglio 1926) (4:00)] - Georgia Swing [(New York, 11 giugno 1928) (3:00)] - Black Bottom Stomp [(Chicago, 15 settembre 1926) (4:00)] - Ham 'N' Eggs [(New York, 13 marzo 1928) (4:00)] - I Hate A Man Like You [(New York, 11 dicembre 1929) (4:00)] - Jungle Blues [(Chicago, 4 giugno 1927) (4:00)] - Turtle Twist [(New York, 17 dicembre 1929) (4:00)] aHenderson Hedmonia: voc, acc; da George Mitchell o Lee Collins: corn, prob; Evans Stomp: alto; Morton Jelly Roll: p aRed Hot Pepper; Spinkett Ward: tr; Fields Geechie: trne; Simeon Omer: cl; Morton Jelly Roll: p; Blair Lee: bjo; Benford Bill: basso tuba; Benford Tommy: batt; Jelly Roll Morton and His Red Hot Peppers aMitchell George: corn; Ory Kid: trne; Simeon Omer: cl; Morton Jelly Roll: p; St. Cyr Johnny: bjo; Lindsay John: cb; Hilaire Andrew: batt; Jelly Roll Morton and His Red Hot Peppers aDunn Johnny: corn; Flemming Herb: trne; Bushell Garvin: cl; Morton Jelly Roll: p; Mitchell John: bjo; Hull Harry: basso tuba, prob; Perry Mort: batt; Johnny Dunn and His Band aMiles Lizzie: voc, acc; Da Morton Jelly Roll; p aMitchell George: corn; Reevers Gerald: trne; Dodds Johnny: cl; Evans Stomp: alto; Morton Jelly Roll: p; Scott Bud: bjo; Wilson Quinn: basso tuba; Dodds Baby: batt; Jelly Roll Morton and His Red Hot Peppers aBigard Barney: cl; Morton Jelly Roll: p; Singleton Zutty: batt; Jelly Roll Morton Trio aJAZZ [DISCHI]eCodice MATERIA SPICS: 9950 aAA.VV.eAutoregCodice autore SPICS: 12000 aMorton Jelly RollgCodice interprete SPICS: 10672eInterprete aJackson TonygCodice autore musica SPICS: 18183eAutore musicapThe Naked Dance aWilliams ClarencegCodice autore musica SPICS: 13039eAutore musicapMichigan Water Blues aGonzales AnitagCodice autore musica SPICS: 18184eAutore musicapDead Man Blues aPecora SantogCodice autore musica SPICS: 18185eAutore musicapGeorgia Swing